Dynamické modely

Gespeichert in:
Bibliographische Detailangaben
1. Verfasser: Laščiak, Adam
Format: Buch
Sprache:Slowakisch
Veröffentlicht: Bratislava Alfa 1985
Schriftenreihe:Edícia ekonomickej literatúry
Tags: Tag hinzufügen
Keine Tags, Fügen Sie das erste Tag hinzu!

MARC

LEADER 00000nam a2200000 4500
001 c109685
005 20230116100358.6
041 0 |a slo 
044 |a SK 
245 1 0 |a Dynamické modely  |c Adam Laščiak a kol. 
264 1 |a Bratislava  |b Alfa  |c 1985 
300 |a 407 s.  |e 1 tab príl. 
490 1 |a Edícia ekonomickej literatúry 
830 0 |a Edícia ekonomickej literatúry 
100 1 |a Laščiak, Adam